00670nam a2200193Ia 4500008004100000020001400041082001800055100003900073245006400112250000700176260004000183300003000223500001900253600003400272650001500306942000700321952013300328999001500461240925s9999 xx 000 0 und d a131172638 a621.38456 LEE aLee, Valentino; Schneider, Heather 0aMobile Applications: architecture, design ,and development  aNA aIndiana:bPearson Educationc,2004. axxiii,463p.bNafOriginal aIncludes Index aTelecommunication Engineering aTechnology cBK 001040708ELaUITUbUITUd2004-12-27eKhaliq book Binderg312.90l0o621.38456 LEEpQ5978r2024-09-25 07:14:02w2024-09-25yBK c8477d8477